Statistics for Big countries with low biodiversity

Click here to take the quiz!

General Stats

  • This quiz has been taken 45 times
  • The average score is 15 of 20

Answer Stats

Rank
Difference
Area rankCountry% Correct
542Canada
95%
819Kazakhstan
95%
9419Mongolia
95%
7613Saudi Arabia
85%
8910Algeria
83%
11617Libya
83%
7922Niger
80%
6421Chad
78%
5121Egypt
78%
9866Finland
76%
5529Mauritania
76%
8362Norway
76%
9156Sweden
76%
6280United Kingdom
76%
5524Mali
71%
6357Uzbekistan
71%
6945Ukraine
63%
5441Afghanistan
54%
7586Belarus
54%
88108Iceland
51%

Score Distribution

Percentile by Number Answered

Percent of People with Each Score

Your Score History

You have not taken this quiz